LEADER 01336nam a2200301 a 4500 001 000000124975 003 CaOOAMICUS 005 20110408121707.0 008 110408s2008 fr u000 u fre r 020 $a978-2-84573-715-0 040 $aPUL$bita 082 04$a171 245 00$aVladimir Soloviev, Jacques Maritain et le personnalisme chrétien / $cdon Patrick de Laubier (éd.) 260 $a[Paris] :$bParole et silence,$c©2008. 300 $a169 p. ;$c24 cm 504 $aBibliografia in nota. 600 14$aSolov'ëv, Vladimir Sergeevi?,$d1853-1900.$0(OLS)http://pul/subject/20693 600 14$aMaritain, Jacques,$d1882-1973$xCritica e interpretazione.$0(OLS)http://pul/subject/4980 650 4$aFilosofia cristiana.$0(OLS)http://pul/subject/972 700 1 $aLaubier, Patrick de.$0(OLS)http://pul/name/31734 850 $aPUL 852 $aPUL$W1$xSL Filosofia 3$y81$m171 DELPA 1$j143873$qDDC 21$B142924$CPULBib$Z2$F142924 $H116046 $82 941 1 $a9 996 $6020$a978-2-84573-715-0$9(OLS)http://pul/number/146883 996 $6082$a171$9(OLS)http://pul/classification/681 996 $6245$aVladimir Soloviev, Jacques Maritain et le personnalisme chrétien / $9(OLS)http://pul/title/157552 996 $6260$a[Paris] :$bParole et silence$9(OLS)http://pul/publisher/77122 LEADER 01738nam a2200337 u 4500 001 000000003830 003 CaOOAMICUS 005 20070226104601.0 008 940514s1990 it u000 u ita u 035 $a10101583 040 $aPUL(R)$bita 100 1 $aTognonato, Claudio.$0(OLS)http://pul/name/3980 245 10$aJean-Paul Sartre :$bconoscenza e metodologia : excerptum theseos ad Doctoratum in Philosophia /$cClaudio Tognonato. 260 $aRoma :$bPontificia Università Lateranense,$c1990. 300 $a45 p. ;$c24 cm 490 1 $aTheses ad doctoratum in philosophia (Pontificia Università lateranense) 500 $aIn testa al front.: Pontificia Universitas Lateranensis. 502 $aDiss. -- Pontificia Università Lateranense, 1990. 504 $aBibliografia: p. 43-45. 600 14$aSartre, Jean-Paul,$d1905-1980.$0(OLS)http://pul/subject/3169 600 14$aFlaubert, Gustave,$d1821-1880.$0(OLS)http://pul/subject/3170 650 4$aTeoria della conoscenza.$0(OLS)http://pul/subject/449 710 2 $aPontificia Università Lateranense.$0(OLS)http://pul/name/287 830 0$aTheses ad doctoratum in philosophia (Pontificia Università Lateranense).$0(OLS)http://pul/title/1761 850 $aPUL 852 $aPUL$W1$xDP1 Tesi Pon Univ. Lateranense$y41$mTH PUL.PHIL 54$j5281$nBK-PRI$b $qTesi$B5281$CPULBib$Z2$F5281 $H67268 $81 910 $aPontificio Ateneo Lateranense$9287 910 $aPontificio Ateneo Lateranense$9287 941 1 $a16 996 $6245$aJean-Paul Sartre :$bconoscenza e metodologia : excerptum theseos ad Doctoratum in Philosophia$9(OLS)http://pul/title/5594 996 $6260$aRoma :$bPontificia Università Lateranense$9(OLS)http://pul/publisher/47963